| 000 | 00579nam a22001937a 4500 | ||
|---|---|---|---|
| 005 | 20251108164201.0 | ||
| 008 | 250721s2000 xx 000 0 ara d | ||
| 082 | 1 | 4 | _a555.65/عاب |
| 100 | 1 | _aعابد، عبد القادر | |
| 245 | 1 | 0 | _aجيولوجية الأردن و بيئة و مياهه / |
| 264 | 1 |
_aعمان : _bنقابة الجيلوجين الأرديين، _c2000. |
|
| 300 | _a571ص | ||
| 650 | 1 | 7 | _aعلوم الأرض |
| 650 | 1 | 7 | _aالجيولوجيا |
| 650 | 1 | 7 | _aعلم المعادن |
| 650 | 1 | 7 | _aالأردن |
| 942 |
_2ddc _cBK |
||
| 999 |
_c5781 _d5781 |
||